Languages of Azerbaijan on a Map - Statistics

General Stats
  • This quiz has been taken 348 times
  • The average score is 5 of 15
Answers on the Map
Answers color-coded by a green-red scale on the quiz's map according to % correct below.
 
Answer Stats
Group Flag Speakers Answer % Correct
Armenian 5,300,000 Armenian
99%
Turkic 24,000,000 Azerbaijani
99%
Slavic 150,000,000 Russian
92%
Caspian 1,200,000 Avar
37%
Iranian 34,000 Tat
36%
Caspian 450,000 Lezgian
28%
Iranian 229,500 Talysh
28%
Caspian 36,400 Rutul
12%
Caspian 6,000 Udi
10%
Caspian 3,000 Khinalug
9%
Iranian 80,000 Judeo-Tat
8%
Caspian 22,300 Tsakhur
8%
Caspian 200 Budukh
6%
Caspian 1,500 Jek
4%
Caspian 5,000 Kryts
4%
No matching quizzes found
Score Distribution
Percent of People with Each Score
Percentile by Number Answered
Your Score History
You have not taken this quiz